| 000 | 00316nam a22001097a 4500 | ||
|---|---|---|---|
| 082 |
_a621.4021 _bJON _cL-38, p-153 |
||
| 100 |
_aJones, J.B. _941890 |
||
| 245 |
_aEngineering thermodynamics _cJ.B. Jones |
||
| 260 |
_aNew Jersey _bPrentice-Hall, Inc _c1996 |
||
| 526 |
_a0 _b0 _c0 _d621_402100000000000_JON |
||
| 942 |
_2ddc _cBK |
||
| 999 |
_c545908 _d545908 |
||